Statistics for music trivia: 2002 songs and artists

Click here to take the quiz!

General Stats

  • This quiz has been taken 220 times
    (174 since last reset)
  • The average score is 7 of 15

Answer Stats

Question: Who made this song?Answer: This group or artist% Correct
Get the Party StartedP!nk
82%
Whenever, WhereverShakira
82%
ComplicatedAvril Lavigne
78%
The ScientistColdplay
70%
A Thousand MilesVanessa Carlton
54%
All the Things She Saidt.A.T.u.
42%
Your Body is a WonderlandJohn Mayer
40%
Come Away With MeNorah Jones
40%
A Little Less ConversationElvis Presley vs. JXL
35%
Soak Up the SunSheryl Crow
35%
A Moment Like ThisKelly Clarkson
34%
Die Another DayMadonna
33%
LandslideDixie Chicks
22%
Fell in Love with a GirlWhite Stripes
22%
The RisingBruce Springsteen
8%

Score Distribution

Percentile by Number Answered

Percent of People with Each Score

Your Score History

You have not taken this quiz since the last reset